000 00657nam a2200217 a 4500
001 53884
003 BD-RjUL
005 20211209080034.0
008 161029s1965 nyua 000 0 eng
035 _a(BD-RjUL)54006
040 _aDLC
_cDLC
_dBD-RjUL
_beng
041 _aeng
082 0 0 _a512.02
_223
_bANS 1965
100 1 _aAndree, Richard V.
_q(Richard Vernon),
_d1919-1987.
_9160956
245 1 0 _aSelections from modern abstract algebra /
_cRichard V Andree
260 _aNew York :
_bHolt Rinehart and Winston,
_c1965
300 _axii, 212 p. :
_bill. ;
_c22 cm.
500 _aIncludes Index
650 0 _aAlgebra, Abstract.
_9160957
942 _2ddc
_cBK
999 _c53884
_d53884